00340 a2200133 4500001000700000020001800007041000800025250001000033700004300043856002400086040002500110245005400135260001700189108609 a9781846666896 apor a. ed. aTop That!Publishing plc Tide Mill Way. u00001a/00001aff.jpg aBR-BrIDEAcBR-BrIDEA10aHuman BodycTop That!Publishing plc Tide Mill Way a[S.l.]c2008